Their Flarepath the moon (Record no. 59719)

MARC details
000 -LEADER
fixed length control field 00529nam a2200157 a 4500
008 - FIXED-LENGTH DATA ELEMENTS--GENERAL INFORMATION
fixed length control field 120416s0000 ||||||||||||||||| || u
020 ## - INTERNATIONAL STANDARD BOOK NUMBER
International Standard Book Number 0709171943
050 ## - LIBRARY OF CONGRESS CALL NUMBER
Classification number PR 6052.I2T5
100 ## - MAIN ENTRY--PERSONAL NAME
Personal name Bickers, Richard Townshend, 1917-
245 10 - TITLE STATEMENT
Title Their Flarepath the moon
246 ## - VARYING FORM OF TITLE
Title proper/short title Richard Townshend Bickers, 1917-
260 ## - PUBLICATION, DISTRIBUTION, ETC.
Place of publication, distribution, etc. London
Name of publisher, distributor, etc. Robert Hale
Date of publication, distribution, etc. 1979
300 ## - PHYSICAL DESCRIPTION
Extent 220p.
350 ## - PRICE (NR) (BK AM CF MU VM SE) [OBSOLETE]
Price 0.00
995 ## - RECOMMENDATION 995 [LOCAL, UNIMARC FRANCE]
-- 0.00
-- CBU-MAIN LIBRARY (Kitwe)
-- 1
-- 0.25
-- 1
-- AVAILABLE
-- Fiction Collection
Holdings
Withdrawn status Lost status Source of classification or shelving scheme Damaged status Not for loan Home library Current library Shelving location Date acquired Total Checkouts Full call number Barcode Date last seen Price effective from Koha item type
          CBU-MAIN LIBRARY, KITWE. CBU-MAIN LIBRARY, KITWE.   11/30/2022   PR 6052.I2T5 011525 11/30/2022 11/30/2022 MONOGRAPH